| 000 | 00554cam a2200217 4500 | ||
|---|---|---|---|
| 001 | D14896 | ||
| 008 | 090401t1950 xxu||||| |||| 00| 0 eng d | ||
| 035 | _a(Sirsi) u18745 | ||
| 041 | _aeng | ||
| 050 | _a526.9 | ||
| 100 | _aParry, Richard | ||
| 245 | _aElementary text book on land surveying | ||
| 250 | _a6th | ||
| 260 |
_aLondon _bEstates Gazette _c1950 |
||
| 300 | _aviii. 260p. ill. 21cm | ||
| 350 | _a0 | ||
| 520 | _aPublication authorised by College of Estate Management | ||
| 700 | _aJenkins, W.R. | ||
| 942 | _n0 | ||
| 948 | _c04/03/1997 | ||
| 999 |
_c87618 _d87618 |
||